{"text_format":"3","workbook":"xlsx","n_sheets":3,"sheets":["Price List","Proposed CPA Formula","outage dates"],"read":"whole","date_system":"1900"}

{"sheet":"Price List","index":0,"n_rows":208,"n_cols":13,"rows_kept":208}
[null,"ESKOM   -   MAJUBA POWER STATION"]
[]
[]
[]
[null,"PROJECT                        ",{"$nulls":4},"C&I Maintenance Services for Majuba Power Station"]
[]
[]
[]
[]
[]
[null,"Monthly Labour Costs"]
[1,"Nr of manpower","Labour",null,"Duration 60 Months ","Rate","UoM","Hours/ month","Total Hours per section per month","Total Cost per item /month","Total Amount per Month","Total cost per item for 60 months","Total Amount (60 Months)"]
[1,4,"4 x Artisan",4,{"v":60,"d":"60.00"},0,"Hrs",173,{"$f":"H13*D13","v":692},{"$f":"F13*I13","v":0},null,{"$f":"E13*J13","v":0}]
[2,4,"4 Semi-skilled",4,{"v":60,"d":"60.00"},0,"Hrs",173,692,0,null,0]
[3,1,"Technician",1,{"v":60,"d":"60.00"},0,"Hrs",173,173,0,null,0]
[4,1,"Supervisor",1,{"v":60,"d":"60.00"},0,"Hrs",173,173,0,null,0]
[5,1,"Safety Oficer",1,{"v":60,"d":"60.00"},0,"Hrs",173,173,0,null,0]
[6,1,"Quality Controller",1,{"v":60,"d":"60.00"},0,"Hrs",173,173,0,{"$f":"SUM(J13:J18)","v":0},0,{"$f":"SUM(L13:L18)","v":0}]
[null,{"$f":"SUM(B13:B18)","v":12}]
[null,null,"Weekdays"]
[2,"Nr of manpower","Day Shift (1 Artisan, 1 Semi Skilled)",null,"Duration 60 Months ","Rate incl shift allowance","UoM","12 hrs ",null,"Total Cost per item /month","Total Amount per Month","Total cost per item for 60 months","Total Amount (60 Months)"]
["part of base crew",1,"1 x Artisan",1,60,{"$f":"F13*1.15","v":0},"Hrs",{"$f":"12*22","v":264},null,{"$f":"H22*F22","v":0},null,{"$f":"E22*J22","v":0}]
[null,1,"1 x Semi-skilled",1,60,{"$f":"F14*1.15","v":0},"Hrs",{"$f":"12*22","v":264},null,{"$f":"H23*F23","v":0},null,{"$f":"E23*J23","v":0}]
[null,2,"Shift allowance",1,60,{"$f":"SUM(J22:J23)*0.15","v":0},"%",null,null,{"$f":"F24","v":0},{"$f":"SUM(J22:J24)","v":0},{"$f":"E24*J24","v":0},{"$f":"SUM(L22:L24)","v":0}]
[null,{"$f":"SUM(B22:B24)","v":4}]
[3,"Nr of manpower","Night Shift (1 Artisan, 1 Semi Skilled)",null,"Duration 60 Months ","Rate incl shift allowance","UoM","12 hrs ",null,"Total Cost per item /month","Total Amount per Month","Total cost per item for 60 months","Total Amount (60 Months)"]
["part of base crew",1,"1 x Artisan",1,60,{"$f":"F22","v":0},"Hrs",{"$f":"12*22","v":264},null,{"$f":"H27*F27","v":0},null,{"$f":"E27*J27","v":0}]
[null,1,"1 x Semi-skilled",1,60,{"$f":"F23","v":0},"Hrs",{"$f":"12*22","v":264},null,{"$f":"H28*F28","v":0},null,{"$f":"E28*J28","v":0}]
[null,2,"Shift allowance",1,60,{"$f":"SUM(J27:J28)*0.15","v":0},"%",null,null,{"$f":"F29","v":0},{"$f":"SUM(J27:J29)","v":0},{"$f":"E29*J29","v":0},{"$f":"SUM(L27:L29)","v":0}]
[null,{"$f":"SUM(B27:B29)","v":4}]
[null,null,"Weekends( Saturday an Sundays )"]
[4,"Nr of manpower","Day Shift (1 Artisan, 1 Semi Skilled)",null,"Duration 60 Months ","Rate incl shift allowance","UoM","12 hrs ",null,"Total Cost per item /month","Total Amount per Month","Total cost per item for 60 months","Total Amount (60 Months)"]
[null,1,"1 x Artisan",1,60,{"$f":"F27","v":0},"Hrs",{"$f":"12*8","v":96},null,{"$f":"H33*F33","v":0},null,{"$f":"E33*J33","v":0}]
[null,1,"1 x Semi-skilled",1,60,{"$f":"F28","v":0},"Hrs",{"$f":"12*8","v":96},null,{"$f":"H34*F34","v":0},null,{"$f":"E34*J34","v":0}]
[null,2,"Shift allowance",1,60,{"$f":"SUM(J33:J34)*0.15","v":0},"%",null,null,{"$f":"F35","v":0},{"$f":"SUM(J33:J35)","v":0},{"$f":"E35*J35","v":0},{"$f":"SUM(L33:L35)","v":0}]
[]
[5,"Nr of manpower","Night Shift (1 Artisan, 1 Semi Skilled)",null,"Duration 60 Months ","Rate incl shift allowance","UoM","12 hrs ",null,"Total Cost per item /month","Total Amount per Month","Total cost per item for 60 months","Total Amount (60 Months)"]
[null,1,"1 x Artisan",1,60,{"$f":"F33","v":0},"Hrs",{"$f":"12*8","v":96},null,{"$f":"H38*F38","v":0},null,{"$f":"E38*J38","v":0}]
[null,1,"1 x Semi-skilled",1,60,{"$f":"F34","v":0},"Hrs",{"$f":"12*8","v":96},null,{"$f":"H39*F39","v":0},null,{"$f":"E39*J39","v":0}]
[null,2,"Shift allowance",1,60,{"$f":"SUM(J38:J39)*0.15","v":0},"%",null,null,{"$f":"F40","v":0},{"$f":"SUM(J38:J40)","v":0},{"$f":"E40*J40","v":0},{"$f":"SUM(L38:L40)","v":0}]
[]
[6,"Nr of manpower","Week End Opportunity","Nr of Manpower","Duration 60 Months ","Rate incl shift allowance","UoM","12 hrs *8days",null,"Total Cost per item /month","Total Amount per Month","Total cost per item for 60 months","Total Amount (60 Months)"]
[null,2,"2 x Artisan",2,60,{"$f":"F38","v":0},"Hrs",{"$f":"12*8*D43","v":192},null,{"$f":"F43*H43","v":0},null,{"$f":"E43*J43","v":0}]
[null,2,"2 x Semi-skilled",2,60,{"$f":"F39","v":0},"Hrs",{"$f":"12*8*D44","v":192},null,{"$f":"F44*H44","v":0},null,{"$f":"E44*J44","v":0}]
[null,1,"Safety Officer",1,60,{"$f":"F43","v":0},"Hrs",{"$f":"12*8*D45","v":96},null,{"$f":"F45*H45","v":0},null,{"$f":"E45*J45","v":0}]
[null,1,{"$f":"C18","v":"Quality Controller"},1,60,{"$f":"F18*1.15","v":0},"Hrs",{"$f":"12*8*D46","v":96},null,{"$f":"F46*H46","v":0},null,{"$f":"E46*J46","v":0}]
[null,6,"Shift allowance",1,60,{"$f":"SUM(J43:J46)*0.15","v":0},"%",null,null,{"$f":"F47","v":0},{"$f":"SUM(J43:J47)","v":0},{"$f":"E47*J47","v":0},{"$f":"SUM(L43:L47)","v":0}]
[]
[7,"Nr of manpower","Preliminaries and General :","Qty","Duration 60 Months ","Rate","UoM",null,null,"Total Cost per item /month","Total Amount per Month","Total cost per item for 60 months","Total Amount (60 Months)"]
[null,10,"Acommodation per month *10 people",null,60,0,"Days",null,null,{"$f":"F50*B50","v":0},null,{"$f":"E50*J50","v":0}]
[null,null,"Transport per month (incl weekend)",1,60,0,"Ea",null,null,{"$f":"F51","v":0},null,{"$f":"E51*J51","v":0}]
[null,null,"Preliminaries and General :"]
[null,16,"PPE - every year",null,5,0,"Ea",null,null,{"$f":"F53*B53","v":0},null,{"$f":"E53*F53*B53","v":0}]
[null,16,"Medicals",1,60,0,"Ea",null,null,0,null,{"$f":"E54*F54*B54","v":0}]
[null,16,"Medicals exit",1,60,0,"Ea",null,null,0,null,{"$f":"E55*F55*B55","v":0}]
[null,1,"Stationery",1,60,0,"Ea",null,null,0,null,{"$f":"E56*F56*B56","v":0}]
[null,1,"Consumables",1,60,0,"Ea",null,null,0,null,{"$f":"E57*F57*B57","v":0}]
[null,1,"Safety File",1,5,0,"Ea",null,null,0,null,{"$f":"E58*F58","v":0}]
[null,2,"Phone allawance ",1,60,0,"Ea",null,null,0,null,{"$f":"E59*F59*B59","v":0}]
[null,null,"Covid:"]
[null,16,"Masks (cloth)",1,60,0,"Ea",null,null,{"$f":"F61*B61","v":0},null,{"$f":"E61*F61*B61","v":0}]
[null,3,"Sanitizer (2x 5litres)",1,60,0,"Ea",null,null,{"$f":"F62*B62","v":0},null,{"$f":"E62*F62*B62","v":0}]
[null,1,"Deep cleaners",1,60,0,"Ea",null,null,{"$f":"F63*B63","v":0},null,{"$f":"E63*F63*B63","v":0}]
[null,1,"Travelling",1,60,0,"Ea",null,null,{"$f":"F64*B64","v":0},{"$f":"SUM(J50:J64)","v":0},{"$f":"E64*F64*B64","v":0},{"$f":"SUM(L50:L64)","v":0}]
[{"$nulls":10},{"$f":"SUM(K18:K64)","v":0},null,{"$f":"SUM(M18:M64)","v":0}]
[]
[8,null,"OUTAGES"]
[8.1,"Nr of manpower","IR (35 Days ) 11 IR's","Days IR's","Nr of outages (11)","Hrly Rate/per outage","UoM","Daily Hours/days","Hrs/ Outage","Total Amount per Outage","Total Amount per Outage","Amount for 11 IR's","Total Amount IR (60 Months)"]
[null,2,"2 x Artisan",35,11,0,"Hrs",{"$f":"8*B69","v":16},{"$f":"D69*H69","v":560},{"$f":"F69*I69","v":0},null,{"$f":"J69*E69","v":0}]
[null,2,"2 x Semi Skilled",35,11,0,"Hrs",{"$f":"8*B70","v":16},{"$f":"D70*H70","v":560},{"$f":"F70*I70","v":0},null,{"$f":"J70*E70","v":0}]
[null,1,"1 x Quality Controller",35,11,0,"Hrs",{"$f":"8*B71","v":8},{"$f":"D71*H71","v":280},0,null,0]
[null,1,"1 x Supervisor",35,11,0,"Hrs",{"$f":"8*B72","v":8},{"$f":"D72*H72","v":280},0,null,0]
[]
[null,null,"Preliminaries and General :"]
[null,null,"Transport per month (incl weekend)",1,11,0,"Ea",null,null,{"$f":"F75","v":0},null,{"$f":"J75*E75","v":0}]
[null,4,"Accommodation (Supervisor, QC, Artsan )",35,11,0,"Days",null,null,{"$f":"F76*D76*B76","v":0},null,{"$f":"E76*J76","v":0}]
[null,6,"PPE",11,11,0,"Ea",null,null,{"$f":"F77*B77","v":0},null,{"$f":"E77*J77","v":0}]
[null,6,"Medicals",1,11,0,"Ea",null,null,0,null,0]
[null,6,"Medicals exit",1,11,0,"Ea",null,null,0,null,0]
[null,1,"Stationery",1,11,0,"Ea",null,null,0,null,0]
[null,1,"Consumables",1,11,0,"Ea",null,null,0,null,0]
[null,1,"Safety File",1,11,0,"Ea",null,null,0,null,0]
[null,2,"Phone allawance ",1,60,0,"Ea",null,null,0,null,0]
[null,null,"Covid:"]
[null,6,"Masks (cloth)",1,11,0,"Ea",null,null,{"$f":"F85*B85","v":0},null,{"$f":"E85*F85*B85","v":0}]
[null,2,"Sanitizer (2x 5litres)",1,11,0,"Ea",null,null,{"$f":"F86*B86","v":0},null,{"$f":"E86*F86*B86","v":0}]
[null,1,"Deep cleaners",1,11,0,"Ea",null,null,{"$f":"F87*B87","v":0},null,{"$f":"E87*F87*B87","v":0}]
[null,1,"Travelling",1,11,0,"Ea",null,null,{"$f":"F88*B88","v":0},{"$f":"SUM(J69:J88)","v":0},{"$f":"E88*F88*B88","v":0},{"$f":"SUM(L69:L88)","v":0}]
[]
[8.2,"Nr of manpower","Overtime","Days","Nr of outages (11)","Hrly Rate","UoM","Hrs/Day","Hrs/ Outage","Total Amount per Outage","Total Amount per Outage","Amount for 11 IR's","Total Amount IR (60 Months)"]
[null,null,"Weekdays @1.5"]
[null,2,"2 x Artisan",25,11,{"$f":"F69*1.5","v":0},"Hrs",{"$f":"4*B92","v":{"v":8,"d":"8.00"}},{"$f":"H92*D92","v":200},{"$f":"F92*I92","v":0},null,{"$f":"J92*E92","v":0}]
[null,2,"2 x Semi Skilled",25,11,{"$f":"F70*1.5","v":0},"Hrs",{"$f":"4*B93","v":{"v":8,"d":"8.00"}},{"$f":"H93*D93","v":200},{"$f":"F93*I93","v":0},null,{"$f":"J93*E93","v":0}]
[null,1,"1 x Quality Controller",25,11,{"$f":"F71*1.5","v":0},"Hrs",{"$f":"4*B94","v":{"v":4,"d":"4.00"}},{"$f":"H94*D94","v":100},{"$f":"F94*I94","v":0},null,0]
[null,1,"1 x Supervisor",25,11,{"$f":"F72*1.5","v":0},"Hrs",{"$f":"4*B95","v":{"v":4,"d":"4.00"}},{"$f":"H95*D95","v":100},{"$f":"F95*I95","v":0},null,0]
[]
[null,null,"Saturdays @1.5"]
[null,2,"2 x Artisan",5,11,{"$f":"F92","v":0},"Hrs",{"$f":"12*B98","v":{"v":24,"d":"24.00"}},{"$f":"H98*D98","v":120},{"$f":"F98*I98","v":0},null,0]
[null,2,"2 x Semi Skilled",5,11,{"$f":"F93","v":0},"Hrs",{"$f":"12*B99","v":{"v":24,"d":"24.00"}},{"$f":"H99*D99","v":120},{"$f":"F99*I99","v":0},null,0]
[null,1,"1 x Quality Controller",5,11,{"$f":"F94","v":0},"Hrs",{"$f":"12*B100","v":{"v":12,"d":"12.00"}},{"$f":"H100*D100","v":60},{"$f":"F100*I100","v":0},null,0]
[null,1,"1 x Supervisor",5,11,{"$f":"F95","v":0},"Hrs",{"$f":"12*B101","v":{"v":12,"d":"12.00"}},{"$f":"H101*D101","v":60},{"$f":"F101*I101","v":0},null,0]
[]
[null,null,"Sundays @1.5"]
[null,2,"2 x Artisan",5,11,{"$f":"F98","v":0},"Hrs",{"$f":"12*B104","v":{"v":24,"d":"24.00"}},{"$f":"H104*D104","v":120},{"$f":"F104*I104","v":0},null,0]
[null,2,"2 x Semi Skilled",5,11,{"$f":"F99","v":0},"Hrs",{"$f":"12*B105","v":{"v":24,"d":"24.00"}},{"$f":"H105*D105","v":120},{"$f":"F105*I105","v":0},null,0]
[null,1,"1 x Quality Controller",5,11,{"$f":"F100","v":0},"Hrs",{"$f":"12*B106","v":{"v":12,"d":"12.00"}},{"$f":"H106*D106","v":60},{"$f":"F106*I106","v":0},null,0]
[null,1,"1 x Supervisor",5,11,{"$f":"F101","v":0},"Hrs",{"$f":"12*B107","v":{"v":12,"d":"12.00"}},{"$f":"H107*D107","v":60},{"$f":"F107*I107","v":0},{"$f":"SUM(J92:J107)","v":0},0,{"$f":"SUM(L92:L107)","v":0}]
[]
[]
[9.1,"Nr of manpower","IN ( 14 Days ) 7 IN's","Days","Nr of outages (7)","Hrly Rate","UoM","Hrs/Day","Hrs/ Outage","Total Amount per Outage","Total Amount per Outage","Amount for 11 IN's","Total Amount IN (60 Months)"]
[null,2,"2 x Artisan",14,7,0,"Hrs",{"$f":"8*B111","v":16},{"$f":"D111*H111","v":224},{"$f":"F111*I111","v":0},null,{"$f":"J111*E111","v":0}]
[null,2,"2 x Semi Skilled",14,7,0,"Hrs",{"$f":"8*B112","v":16},{"$f":"D112*H112","v":224},{"$f":"F112*I112","v":0},null,{"$f":"J112*E112","v":0}]
[null,1,"1 x Quality Controller",14,7,0,"Hrs",{"$f":"8*B113","v":8},112,{"$f":"F113*I113","v":0},null,0]
[null,1,"Supervisor",14,7,0,"Hrs",{"$f":"8*B114","v":8},112,{"$f":"F114*I114","v":0},null,0]
[]
[null,null,"Preliminaries and General :"]
[null,null,"Transport per month (incl weekend)",1,7,0,"Ea",null,null,{"$f":"F117","v":0},null,0]
[null,{"$f":"B111+B113+B114","v":4},"Accommodation (Supervisor, QC and Artisan)",14,7,0,"Days",null,null,{"$f":"F118*D118*B118","v":0},null,0]
[null,6,"PPE",1,7,0,"Ea",null,null,{"$f":"F119*B119*D119","v":0},null,0]
[null,6,"Medicals",1,7,0,"Ea",null,null,0,null,0]
[null,6,"Medicals exit",1,7,0,"Ea",null,null,0,null,0]
[null,1,"Stationery",1,7,0,"Ea",null,null,0,null,0]
[null,1,"Consumables",1,7,0,"Ea",null,null,0,null,0]
[null,1,"Safety File",1,7,0,"Ea",null,null,0,null,0]
[null,null,"Covid:"]
[null,8,"Masks",1,7,0,"Ea",null,null,{"$f":"F126*B126*D126","v":0},null,0]
[null,2,"Sanitizer (2x 5litres)",1,7,0,"Ea",null,null,{"$f":"F127*B127*D127","v":0},null,0]
[null,1,"Deep cleaners",1,7,0,"Ea",null,null,{"$f":"F128*B128*D128","v":0},null,0]
[null,1,"Travelling",1,7,0,"Ea",null,null,{"$f":"F129*B129*D129","v":0},{"$f":"SUM(J111:J129)","v":0},0,{"$f":"SUM(L111:L129)","v":0}]
[]
[9.2,"Nr of manpower","Overtime","Days","Nr of outages (7)","Hrly Rate","UoM","Hrs/Day","Hrs/ Outage","Total Amount per Outage","Total Amount per Outage","Amount per item for 7 IN's","Total Amount IN (60 Months)"]
[null,null,"Weekdays @1.5"]
[null,2,"2 x Artisan",10,7,{"$f":"F111*1.5","v":0},"Hrs",{"$f":"4*B133","v":{"v":8,"d":"8.00"}},{"$f":"H133*D133","v":80},{"$f":"F133*I133","v":0},null,{"$f":"J133*E133","v":0}]
[null,2,"2 x Semi Skilled",10,7,{"$f":"F112*1.5","v":0},"Hrs",{"$f":"4*B134","v":{"v":8,"d":"8.00"}},{"$f":"H134*D134","v":80},{"$f":"F134*I134","v":0},null,{"$f":"J134*E134","v":0}]
[null,1,"1 x Quality Controller",10,7,{"$f":"F113*1.5","v":0},"Hrs",{"$f":"4*B135","v":{"v":4,"d":"4.00"}},{"$f":"H135*D135","v":40},0,null,0]
[null,1,"Supervisor",10,7,{"$f":"F114*1.5","v":0},"Hrs",{"$f":"4*B136","v":{"v":4,"d":"4.00"}},{"$f":"H136*D136","v":40},0,null,0]
[]
[null,null,"Saturdays @1.5"]
[null,2,"2 x Artisan",4,7,{"$f":"F133","v":0},"Hrs",{"$f":"12*B139","v":{"v":24,"d":"24.00"}},{"$f":"H139*D139","v":96},0,null,0]
[null,2,"2 x Semi Skilled",4,7,{"$f":"F134","v":0},"Hrs",{"$f":"12*B140","v":{"v":24,"d":"24.00"}},{"$f":"H140*D140","v":96},0,null,0]
[null,1,"1 x Quality Controller",4,7,{"$f":"F135","v":0},"Hrs",{"$f":"12*B141","v":{"v":12,"d":"12.00"}},{"$f":"H141*D141","v":48},0,null,0]
[null,1,"Supervisor",4,7,{"$f":"F136","v":0},"Hrs",{"$f":"12*B142","v":{"v":12,"d":"12.00"}},{"$f":"H142*D142","v":48},0,null,0]
[]
[null,null,"Sundays @1.5"]
[null,2,"2 x Artisan",4,7,{"$f":"F139","v":0},"Hrs",{"$f":"12*B145","v":{"v":24,"d":"24.00"}},{"$f":"H145*D145","v":96},0,null,0]
[null,2,"2 x Semi Skilled",4,7,{"$f":"F140","v":0},"Hrs",{"$f":"12*B146","v":{"v":24,"d":"24.00"}},{"$f":"H146*D146","v":96},0,null,0]
[null,1,"1 x Quality Controller",4,7,{"$f":"F141","v":0},"Hrs",{"$f":"12*B147","v":{"v":12,"d":"12.00"}},{"$f":"H147*D147","v":48},0,null,0]
[null,1,"Supervisor",4,7,{"$f":"F142","v":0},"Hrs",{"$f":"12*B148","v":{"v":12,"d":"12.00"}},{"$f":"H148*D148","v":48},0,{"$f":"SUM(J133:J148)","v":0},0,{"$f":"SUM(L133:L148)","v":0}]
[]
["10.1","Nr of manpower","GO ( 71 Days ) 5 GO","Days","Nr of outages (5)","Hrly Rate/per outage","UOM","Daily Hours/days","Hrs/ Outage","Total Amount per Outage","Total Amount per Outage","Amount per item for 5 GO's","Total Amount GO (60 Months)"]
[null,3,"3 x Artisan",71,5,0,"Hrs",{"$f":"8*B151","v":24},{"$f":"D151*H151","v":1704},{"$f":"F151*I151","v":0},null,{"$f":"J151*E151","v":0}]
[null,3,"3 x Semi Skilled",71,5,0,"Hrs",{"$f":"8*B152","v":24},{"$f":"D152*H152","v":1704},{"$f":"F152*I152","v":0},null,{"$f":"J152*E152","v":0}]
[null,1,"1 x Quality Controller",71,5,0,"Hrs",{"$f":"8*B153","v":8},568,0,null,0]
[null,1,"Supervisor",71,5,0,"Hrs",{"$f":"8*B154","v":8},568,0,null,0]
[]
[null,null,"Preliminaries and General :"]
[null,null,"Transport per month",1,5,0,"Ea",null,null,{"$f":"F157","v":0},null,{"$f":"E157*F157","v":0}]
[null,{"$f":"B151+B153+B154","v":5},"Accommodation (Supervisor, QC and Artisan)",71,5,0,"Days",null,null,{"$f":"F158*B158*D158","v":0},null,{"$f":"E158*J158","v":0}]
[null,8,"PPE once off yearly",5,5,0,"Ea",null,null,0,null,{"$f":"J159*E159","v":0}]
[null,{"$f":"SUM(B151:B154)","v":8},"Medicals",1,5,0,"Ea",null,null,0,null,{"$f":"J160*E160","v":0}]
[null,{"$f":"B160","v":8},"Medicals exit",1,5,0,"Ea",null,null,0,null,{"$f":"J161*E161","v":0}]
[null,1,"Stationery",1,5,0,"Ea",null,null,0,null,0]
[null,1,"Safety file",1,5,0,"Ea",null,null,0,null,0]
[null,1,"Consumables",1,5,0,"Ea",null,null,0,null,0]
[null,null,"Covid:",{"$nulls":8},0]
[null,8,"Masks",1,5,0,"Ea",null,null,{"$f":"F166*B166*D166","v":0},null,0]
[null,2,"Sanitizer (2x 5litres)",1,5,0,"Ea",null,null,{"$f":"F167*B167*D167","v":0},null,0]
[null,1,"Deep cleaners",1,5,0,"Ea",null,null,{"$f":"F168*B168*D168","v":0},null,0]
[null,1,"Travelling",1,5,0,"Ea",null,null,{"$f":"F169*B169*D169","v":0},{"$f":"SUM(J151:J169)","v":0},0,{"$f":"SUM(L151:L169)","v":0}]
[]
[null,null,"GO ( 71 Days ) 5 GO"]
[10.2,"Nr of manpower","Overtime","Days","Nr of outages (5)","Hrly Rate","UoM","Hrs/Day","Hrs/ Outage","Total Amount per Outage","Total Amount per Outage","Amount for 5 GO's","Total Amount GO (60 Months)"]
[null,null,"Weekdays @1.5"]
[null,3,"3 x Artisan",55,5,{"$f":"F151*1.5","v":0},"Hrs",{"$f":"4*B174","v":{"v":12,"d":"12.00"}},{"$f":"H174*D174","v":660},{"$f":"F174*I174","v":0},null,{"$f":"J174*E174","v":0}]
[null,3,"3 x Semi Skilled",55,5,{"$f":"F152*1.5","v":0},"Hrs",{"$f":"4*B175","v":{"v":12,"d":"12.00"}},{"$f":"H175*D175","v":660},{"$f":"F175*I175","v":0},null,{"$f":"J175*E175","v":0}]
[null,1,"1 x Quality Controller",55,5,{"$f":"F153*1.5","v":0},"Hrs",{"$f":"4*B176","v":{"v":4,"d":"4.00"}},{"$f":"H176*D176","v":220},{"$f":"F176*I176","v":0},null,0]
[null,1,"1 X Supervisor",55,5,{"$f":"F154*1.5","v":0},"Hrs",{"$f":"4*B177","v":{"v":4,"d":"4.00"}},{"$f":"H177*D177","v":220},{"$f":"F177*I177","v":0},null,0]
[]
[null,null,"Saturdays @1.5"]
[null,3,"3 x Artisan",8,5,{"$f":"F174","v":0},"Hrs",{"$f":"12*B180","v":{"v":36,"d":"36.00"}},{"$f":"H180*D180","v":288},{"$f":"F180*I180","v":0},null,0]
[null,3,"3 x Semi Skilled",8,5,{"$f":"F175","v":0},"Hrs",{"$f":"12*B181","v":{"v":36,"d":"36.00"}},{"$f":"H181*D181","v":288},{"$f":"F181*I181","v":0},null,0]
[null,1,"1 x Quality Controller",8,5,{"$f":"F176","v":0},"Hrs",{"$f":"12*B182","v":{"v":12,"d":"12.00"}},{"$f":"H182*D182","v":96},{"$f":"F182*I182","v":0},null,0]
[null,1,"1 X Supervisor",8,5,{"$f":"F177","v":0},"Hrs",{"$f":"12*B183","v":{"v":12,"d":"12.00"}},{"$f":"H183*D183","v":96},{"$f":"F183*I183","v":0},null,0]
[]
[null,null,"Sundays @1.5"]
[null,3,"3 x Artisan",8,5,{"$f":"F180","v":0},"Hrs",{"$f":"12*B186","v":{"v":36,"d":"36.00"}},{"$f":"H186*D186","v":288},{"$f":"F186*I186","v":0},null,0]
[null,3,"3 x Semi Skilled",8,5,{"$f":"F181","v":0},"Hrs",{"$f":"12*B187","v":{"v":36,"d":"36.00"}},{"$f":"H187*D187","v":288},{"$f":"F187*I187","v":0},null,0]
[null,1,"1 x Quality Controller",8,5,{"$f":"F182","v":0},"Hrs",{"$f":"12*B188","v":{"v":12,"d":"12.00"}},{"$f":"H188*D188","v":96},{"$f":"F188*I188","v":0},null,0]
[null,1,"1 X Supervisor",8,5,{"$f":"F183","v":0},"Hrs",{"$f":"12*B189","v":{"v":12,"d":"12.00"}},{"$f":"H189*D189","v":96},{"$f":"F189*I189","v":0},{"$f":"SUM(J174:J189)","v":0},0,{"$f":"SUM(L174:L189)","v":0}]
[{"$nulls":10},{"$f":"SUM(K88:K189)","v":0},null,{"$f":"SUM(M88:M189)","v":0}]
[{"$nulls":9},{"$f":"SUM(J13:J64)+SUM(J69:J189)","v":0},{"$f":"K65+K190","v":0},{"$f":"SUM(L13:L64)+SUM(L69:L189)","v":0},{"$f":"M65+M190","v":0}]
[]
[]
[]
[null,null,"LIST THE EQUIPMENT TO GET A RATE PER PERSON"]
[null,"Item No","PERSONAL  PROTECTIVE EQUIPMENT ",null,null,"Qty","Rate","Amount"]
[null,1,{"$nulls":5},{"$f":"G197*F197","v":{"v":0,"d":"0.00"}}]
[null,2,{"$nulls":5},{"$f":"G198*F198","v":{"v":0,"d":"0.00"}}]
[null,3,{"$nulls":5},{"v":0,"d":"0.00"}]
[null,4,{"$nulls":5},{"v":0,"d":"0.00"}]
[null,5,{"$nulls":5},{"v":0,"d":"0.00"}]
[null,6,{"$nulls":5},{"v":0,"d":"0.00"}]
[null,7,{"$nulls":5},{"v":0,"d":"0.00"}]
[null,9,{"$nulls":5},{"$f":"G204*F204*3","v":{"v":0,"d":"0.00"}}]
[{"$nulls":7},{"$f":"SUM(H197:H204)","v":{"v":0,"d":"0.00"}}]
[]
[]
[{"$nulls":8},"per person rate"]

{"sheet":"Proposed CPA Formula","index":1,"n_rows":14,"n_cols":8,"rows_kept":14,"merged":[[10,2,10,3],[10,4,10,6],[11,2,11,3],[11,4,11,6],[12,2,12,3]]}
[]
[]
["COST  ANALYSIS / REPORT"]
[]
["PROJECT DESCRIPTION :",{"$nulls":3},"C&I MAINTENANCE SERVICES"]
[]
[]
[]
["PRICE ADJUSTMENT FORMULA :"]
[]
["Index","Proportion (%)","Description",null,"Source (Indices prepared by)",null,null,"Base Indices "]
[1,{"v":0.9,"d":"90.00%"},"Labour",null,"P0141 :Table A CPI excluding owner's equivalent rent"]
[null,{"v":0.1,"d":"10.00%"},"Non-adjustable Minimum)"]
[null,{"$f":"SUM(B12:B13)","v":{"v":1,"d":"100.00%"}},"Total"]

{"sheet":"outage dates","index":2,"n_rows":31,"n_cols":14,"rows_kept":31}
["WEEK 28"]
["5 Year Outage Listing Report"]
["FromDate","2021/07/13"]
["ToDate","2026/07/12"]
[]
["Export Date","2021/07/13 15:03",{"$nulls":9},"7*14","4*71","11*35"]
[{"$nulls":11},"14days","71days","35 days"]
["OutageID","Outage Code","Station","Unit","Planned/Actual Start Time","Planned/Revised End Time","MW Loss","MW Loss Percent","Outage Description","Status","Planned Duration","BTI","GO's","HSSD/IR"]
[19094,"MJ04UIN-02-12-2022","Majuba",4,"2022-12-02","2023-01-06T23:59:00",669,100,"half shutdown station","ROLLSCHED",{"v":36,"d":"36.00"},null,null,1]
[19091,"MJ01UIR-07-02-2023","Majuba",1,"2023-02-07","2023-03-06T23:59:00",612,100,"IR ","ROLLSCHED",{"v":28,"d":"28.00"},null,null,2]
[19087,"MJ02UIR-01-04-2024","Majuba",2,"2024-04-01","2024-04-28T23:59:00",612,100,"Interim repairs ","ROLLSCHED",{"v":28,"d":"28.00"},null,null,3]
[19093,"MJ06UMO-22-11-2022","Majuba",6,"2022-11-22","2023-01-29T23:59:00",669,100,"GO","SCHED",{"v":69,"d":"69.00"},null,1]
[37203,"MJ05UIR-02-12-2022","Majuba",5,"2022-12-02","2023-01-05T23:59:00",669,100,"HSSD","SCHED",{"v":35,"d":"35.00"},null,null,4]
[19095,"MJ05UIN-13-10-2023","Majuba",5,"2023-10-13","2023-10-26T23:59:00",669,100,"BTI","SCHED",{"v":14,"d":"14.00"},1]
[19097,"MJ03UGO-09-05-2024","Majuba",3,"2024-05-09","2024-07-18T23:59:00",612,100,"GO","SCHED",{"v":71,"d":"71.00"},null,2]
[19098,"MJ06UIN-20-05-2024","Majuba",6,"2024-05-20","2024-06-02T23:59:00",669,100,"BTI","SCHED",{"v":14,"d":"14.00"},2]
[19096,"MJ04UMO-23-05-2024","Majuba",4,"2024-05-23","2024-06-20T23:59:00",669,100,"Interim Repairs 35 days","SCHED",{"v":29,"d":"29.00"},null,null,5]
[21919,"MJ01UIN-21-08-2024","Majuba",1,"2024-08-21","2024-09-03T23:59:00",612,100,"Boiler inspection","SCHED",{"v":14,"d":"14.00"}]
[21920,"MJ05UIR-27-04-2025","Majuba",5,"2025-04-27","2025-05-24T23:59:00",669,100,"IR","SCHED",{"v":28,"d":"28.00"},null,null,6]
[21924,"MJ06UIR-31-07-2025","Majuba",6,"2025-07-31","2025-08-27T23:59:00",669,100,"IR","SCHED",{"v":28,"d":"28.00"},null,null,7]
[19092,"MJ02UIN-01-08-2025","Majuba",2,"2025-08-01","2025-08-14T23:59:00",612,100,"BTI","SCHED",{"v":14,"d":"14.00"},3]
[21925,"MJ01UGO-05-09-2025","Majuba",1,"2025-09-05","2025-11-06T23:59:00",612,100,"GO","SCHED",{"v":63,"d":"63.00"},null,3]
[21927,"MJ03UIR-16-01-2026","Majuba",3,"2026-01-16","2026-02-19T23:59:00",612,100,"IR","SCHED",{"v":35,"d":"35.00"},null,null,8]
[21922,"MJ04UIN-10-02-2026","Majuba",4,"2026-02-10","2026-02-23T23:59:00",669,100,"Boiler inspection","SCHED",{"v":14,"d":"14.00"},4]
[21930,"MJ02UIR-13-04-2026","Majuba",2,"2026-04-13","2026-05-17T23:59:00",612,100,"IR & Hydro","SCHED",{"v":35,"d":"35.00"},null,null,9]
[21931,"MJ01UIN-25-05-2026","Majuba",1,"2026-05-25","2026-06-07T23:59:00",612,100,"BTI","SCHED",{"v":14,"d":"14.00"},5]
[null,"MJ03UIR-16-01-2027","Majuba",3,"2026-01-16","2026-02-19T23:59:00",612,100,"IR","SCHED",{"v":35,"d":"35.00"},null,null,10]
[null,"MJ04UIN-10-02-2027","Majuba",4,"2026-02-10","2026-02-23T23:59:00",669,100,"Boiler inspection","SCHED",{"v":14,"d":"14.00"},6]
[null,"MJ02UIR-13-04-2027","Majuba",2,"2026-04-13","2026-05-17T23:59:00",612,100,"IR & Hydro","SCHED",{"v":35,"d":"35.00"},null,null,11]
[null,"MJ01UIN-25-05-2027","Majuba",1,"2026-05-25","2026-06-07T23:59:00",612,100,"BTI","SCHED",{"v":14,"d":"14.00"},7]
[null,null,"Majuba",1,"2026-09-05","2026-11-06T23:59:00",612,100,"GO","SCHED",{"v":63,"d":"63.00"},null,4]